WHL Teams in Order of Instagram Followers - Statistics

General Stats
  • This quiz has been taken 12 times
  • The average score is 17 of 22
Answer Stats
Followers Division Team % Correct
31k Central Edmonton Oil Kings
100%
23.9k East Brandon Wheat Kings
88%
24.5k U.S. Portland Winterhawks
88%
18.7k U.S. Spokane Chiefs
88%
22.3k B.C. Vancouver Giants
88%
25k Central Calgary Hitmen
75%
19.4k U.S. Everett Silvertips
75%
15.4k B.C. Kamloops Blazers
75%
25.7k B.C. Kelowna Rockets
75%
14.4k Central Lethbridge Hurricanes
75%
11.6k Central Medicine Hat Tigers
75%
8.9k East Moose Jaw Warriors
75%
8.7k B.C. Prince George Cougars
75%
14.9k Central Red Deer Rebels
75%
28.8k East Regina Pats
75%
24k U.S. Seattle Thunderbirds
75%
9.4k Central Swift Current Broncos
75%
12.6k U.S. Tri-City Americans
75%
15.1k B.C. Victoria Royals
75%
12.5k East Prince Albert Raiders
63%
16.7k East Saskatoon Blades
63%
16.6k East Winnipeg ICE
63%
No matching quizzes found
Score Distribution
Percent of People with Each Score
Percentile by Number Answered
Your Score History
You have not taken this quiz